|
|
|
|
| LEADER |
01339nam a22003732a 4500 |
| 001 |
000310872 |
| 003 |
CZ BrMZK |
| 005 |
20150318092300.0 |
| 008 |
980107s1991 xr c p cze d |
| 015 |
|
|
|a cnb000066155
|
| 020 |
|
|
|a 80-85298-23-6
|
| 035 |
|
|
|a (OCoLC)39562082
|
| 040 |
|
|
|a BOA001
|b cze
|
| 080 |
|
|
|a 51
|2 MRF
|
| 080 |
|
|
|a 511.1
|2 MRF
|
| 080 |
|
|
|a 512
|2 MRF
|
| 080 |
|
|
|a (075.2)
|2 MRF
|
| 080 |
|
|
|a (075.3)
|2 MRF
|
| 100 |
1 |
|
|a Houska, Jan
|7 jx20031124021
|
| 245 |
1 |
0 |
|a Matematika pro 9. ročník základní školy a nižší třídy gymnázia :
|b aritmetika a algebra : učební text /
|c Jan Houska, Jaroslava Hávová, Bohuslav Eichler
|
| 250 |
|
|
|a 1. vyd.
|
| 260 |
|
|
|a Praha :
|b Fortuna,
|c 1991
|
| 300 |
|
|
|a 265 s.
|
| 650 |
0 |
7 |
|a matematika
|7 ph117231
|2 czenas
|
| 650 |
0 |
7 |
|a aritmetika
|7 ph118605
|2 czenas
|
| 650 |
0 |
7 |
|a algebra
|7 ph114025
|2 czenas
|
| 655 |
|
7 |
|a učebnice základních škol
|7 fd133773
|2 czenas
|
| 655 |
|
7 |
|a učebnice středních škol
|7 fd133771
|2 czenas
|
| 700 |
1 |
|
|a Hávová, Jaroslava
|7 xx0088448
|
| 700 |
1 |
|
|a Eichler, Bohuslav
|7 jk01030336
|
| 910 |
|
|
|a BOA001
|b PK-0115.972
|
| 990 |
|
|
|a BK
|
| 996 |
7 |
|
|b 3119925767
|c PK-0115.972
|l MZK
|r Sklad / do 1 hodiny
|n 1
|w 000310872
|u 000020
|a 1
|e BOA001
|j MZK50
|s A
|
| 996 |
7 |
|
|b 3119925768
|c PK-0115.972
|l MZK
|r Sklad / do 1 hodiny
|n 1
|w 000310872
|u 000010
|a 1
|e BOA001
|j MZK50
|s A
|